Pedro Gómez Sancho (Record no. 154409)

MARC details
000 -LEADER
campo de control de longitud fija 00713nam a2200193 i 4500
001 - NÚMERO DE CONTROL
campo de control 154409
003 - IDENTIFICADOR DE NÚMERO DE CONTROL
campo de control ES-MaACL
005 - FECHA Y HORA DE LA ÚLTIMA TRANSACCIÓN
campo de control 20241027184922.0
008 - DATOS DE LONGITUD FIJA--INFORMACIÓN GENERAL
campo de control de longitud fija 990714s1898 sp |||| | spa d
040 ## - FUENTE DE CATALOGACIÓN
Centro catalogador/agencia de origen CCPB | B
Lengua de catalogación spa
Centro/agencia transcriptor CCPB | B
100 1# - ENTRADA PRINCIPAL--NOMBRE DE PERSONA
Nombre de persona Gómez Chaix, Pedro.
9 (RLIN) 57869
245 10 - MENCIÓN DEL TÍTULO
Título Pedro Gómez Sancho
Resto del título : estudio biográfico /
Mención de responsabilidad, etc. por Pedro Gómez Chaix.
260 ## - PUBLICACIÓN, DISTRIBUCIÓN, ETC.
Lugar de publicación, distribución, etc. Madrid :
Nombre del editor, distribuidor, etc. [s.n.],
Fecha de publicación, distribución, etc. 1898 (
Fabricante Imprenta de los Hijos de M. G. Hernández)
300 ## - DESCRIPCIÓN FÍSICA
Extensión 30 p., [1] h. de retr. ;
Dimensiones 22 cm.
600 14 - PUNTO DE ACCESO ADICIONAL DE MATERIA--NOMBRE DE PERSONA
Nombre de persona Gómez Sancho, Pedro-
Subdivisión de forma Biografías.
9 (RLIN) 127704
852 ## - LOCALIZACIÓN
Ubicación ES-MaACL
Número de control de estantería T-1449-F-4
Nota libre -- Enc. hol., conservando la cub. original
-- -- Enc. en un vol. facticio
942 ## - ELEMENTOS DE ENTRADA SECUNDARIOS (KOHA)
Fuente del sistema de clasificación o colocación Clasificación decimal universal
Holdings
Estatus retirado Estado de pérdida Fuente del sistema de clasificación o colocación Estado de daño No para préstamo Colección Biblioteca de origen Biblioteca actual Ubicación en estantería Fecha de adquisición Total de préstamos Signatura topográfica completa Código de barras Visto por última vez Precio de reemplazo Tipo de ítem Koha
    Clasificación decimal universal     Colección de folletos Biblioteca del Ateneo de Madrid Biblioteca del Ateneo de Madrid Depósito folletos 17/01/2008   T-1449-F-4 1161474 23/02/2023 23/02/2023 Folleto